000
00446nam a2200169Ia 4500
008
100917s9999 xx 000 0 und d
082
_b
3660
100
_a
भिडे भि. गो.
245
_a
हनिफा बेगम
260
_b
---
365
_b
2
520
_a
कादंबरी
630
_a
हनिफा बेगम
650
_a
कादंबरी
730
_a
हनिफा बेगम
942
_c
BOOK
999
_c
609054
_d
609051